000 00410 a2200145 4500
999 _c1638
_d1638
020 _a9789351113614
050 _aHD 1437 SHA 2014
100 _aSharma, Vikram
245 _aAgriculture finance and management /
_cVikram Sharma
264 _aNew Dehli
_bRandom Publications
_c2014
300 _a287p.
500 _ainclude index
650 _aAgricultural finance----Management
942 _2lcc
_cBK
_h1437
_iSHA
_kHD